| 000 | 00440nam a2200157 i 4500 | ||
|---|---|---|---|
| 001 | 128459 | ||
| 003 | ES-MaACL | ||
| 005 | 20230906193306.0 | ||
| 007 | t| | ||
| 008 | 070511s1972 sp ||||1| spa d | ||
| 100 | 1 |
_aTallón García, José. _9109133 |
|
| 245 | 1 | 0 |
_aCurso de Derecho publicitario / _cJosé Tallón García. |
| 260 |
_aValladolid : _bInsade, _c1972. |
||
| 300 |
_a290 p. ; _c22 cm. |
||
| 852 |
_aES-MaACL _jC-49739 _bR.84704 |
||
| 999 |
_c128459 _d128459 |
||